Statistiques concernant Plus récents vainqueurs de tennis féminin

Cliquez ici pour prendre le quiz!

Statistiques générales

  • Ce quiz a été pris 134 fois
  • Le résultat moyen est 6 sur 8

Statistiques - réponses

événementjoueur% Correct
l'Open d'Australie 2017Serena Williams
96%
Roland Garros 2017Simona Halep
89%
l'US Open 2017Naomi Osaka
72%
Wimbledon 2017Garbiñe Muguruza
69%
Roland Garros 2017Jeļena Ostapenko
68%
l'US Open 2017Sloane Stephens
59%
Wimbledon 2017Angelique Kerber
54%
l'Open d'Australie 2018Caroline Wozniacki
51%

Distribution des résultats

Percentile par nombre de réponses

% des personnes avec chaque résultat

Votre développement - résultats

Vous n’avez pas pris ce quiz